Recuerdos de mi vida / (Record no. 127249)

MARC details
000 -LEADER
campo de control de longitud fija 00610nam a2200205 i 4500
001 - NÚMERO DE CONTROL
campo de control 127249
003 - IDENTIFICADOR DE NÚMERO DE CONTROL
campo de control ES-MaACL
005 - FECHA Y HORA DE LA ÚLTIMA TRANSACCIÓN
campo de control 20251120063141.0
007 - CAMPO FIJO DE DESCRIPCIÓN FÍSICA--INFORMACIÓN GENERAL
campo de control de longitud fija t|
008 - DATOS DE LONGITUD FIJA--INFORMACIÓN GENERAL
campo de control de longitud fija 070214s1906 sp r ||||1| spa d
080 ## - NÚMERO DE LA CLASIFICACIÓN DECIMAL UNIVERSAL
Número de la Clasificación Decimal Universal 929 Rico, Martín
100 1# - ENTRADA PRINCIPAL--NOMBRE DE PERSONA
Nombre de persona Rico y Ortega, Martín,
Fechas asociadas al nombre 1833-1908
9 (RLIN) 97039
245 10 - MENCIÓN DEL TÍTULO
Título Recuerdos de mi vida /
Mención de responsabilidad, etc. Martín Rico.
260 ## - PUBLICACIÓN, DISTRIBUCIÓN, ETC.
Lugar de publicación, distribución, etc. Madrid :
Nombre del editor, distribuidor, etc. [s. n.],
Fecha de publicación, distribución, etc. 1906 (
Fabricante Imp. Ibérica)
300 ## - DESCRIPCIÓN FÍSICA
Extensión 127 p. ;
Dimensiones 24 cm.
600 14 - PUNTO DE ACCESO ADICIONAL DE MATERIA--NOMBRE DE PERSONA
Nombre de persona Rico y Ortega, Martín,
Fechas asociadas al nombre 1833-1908
9 (RLIN) 97039
852 ## - LOCALIZACIÓN
Ubicación ES-MaACL
Número de control de estantería T-1077-F-11
852 ## - LOCALIZACIÓN
Ubicación ES-MaACL
Número de control de estantería T-1473-F-7
Holdings
Estatus retirado Estado de pérdida Estado de daño No para préstamo Colección Biblioteca de origen Biblioteca actual Ubicación en estantería Fecha de adquisición Fuente de adquisición Total de préstamos Signatura topográfica completa Código de barras Visto por última vez Precio de reemplazo Tipo de ítem Koha
        Colección de folletos Biblioteca del Ateneo de Madrid Biblioteca del Ateneo de Madrid Depósito folletos 17/01/2008     T-1473-F-7 1132539 23/02/2023 23/02/2023 Folleto
        Colección de folletos Biblioteca del Ateneo de Madrid Biblioteca del Ateneo de Madrid Depósito folletos 17/01/2008     T-1077-F-11 1132538 23/02/2023 23/02/2023 Folleto